000
00313nam a2200097Ia 4500
082
_a
070.449616|WHAT
245
0
_a
What is left unsaid : reporting the South African HIV epidemic
100
_a
Palitza, Kristin Auckland Park, South Africa, 2010
942
_c
BK
008
210817s9999 xx 000 0 und d
999
_c
175688
_d
175687